|
|
|
|
| LEADER |
00000nab a2200000uu 4500 |
| 001 |
vtls010880505 |
| 003 |
SK-MaSNL |
| 005 |
20260303145145.0 |
| 008 |
230222|1998 xo |||||||||||||||||slo| |
| 015 |
|
|
|a SNBRB
|
| 035 |
|
|
|a (urnnbn)urn:nbn:sk:snk:ar-005z98
|
| 035 |
|
|
|a (uuid)f467d852-d4c6-4cc3-9b97-d2ae8780cd97
|
| 035 |
|
|
|a urn:nbn:sk:snk-ab7p32
|
| 040 |
|
|
|a SNKBUCL
|b slo
|c SNKBUCL
|e AACR2
|
| 041 |
0 |
|
|a slo
|
| 044 |
|
|
|a xo
|c SK
|
| 100 |
1 |
|
|a Pétiová, Marianna
|4 aut
|9 221979
|
| 245 |
1 |
0 |
|a Názory mladých ľudí na problematiku drog a ich vlastné skúsenosti s drogami
|c Marianna Pétiová
|
| 773 |
0 |
|
|t Pedagogická revue : časopis pre pedagogickú teóriu a prax
|g Roč. 50, č. mimoriadne číslo (1998), s. 74-84
|
| 954 |
|
|
|a odborná, vedecká literatúra pôvodná (slovenská)
|2 lita
|
| 958 |
|
|
|a OND
|
| 958 |
|
|
|a EUIPO
|
| 958 |
|
|
|a article8
|
| 999 |
|
|
|c 2000964
|d 2002894
|